Electronic navigation systems /

Maritime navigation has rapidly developed since the publication of the last edition of the title with methods of global position fixing for shipping becoming standardized. As in the previous two editions, this edition will provide a sound basis for the understanding of modern navigation systems and...

Full description

Bibliographic Details
Main Author: Tetley, L. (Laurence), 1941-
Other Authors: Calcutt, D. M., 1935-
Format: eBook
Language:English
Published: Oxford ; Boston : Butterworth-Heinemann, 2001.
Edition:3rd ed.
Subjects:
Online Access:Connect to the full text of this electronic book
Publisher description
Table of contents

MARC

Tag First Indicator Second Indicator Subfields
LEADER 00000cam a2200000Ia 4500
001 in00002425144
006 m d
007 cr cn|||||||||
008 070806s2001 enka s 001 0 eng d
005 20260609193345.9
020 |a 9780750651387 
020 |a 0750651385 
035 |a (OCoLC)162590290 
037 |a 95233:95232  |b Elsevier Science & Technology  |n http://www.sciencedirect.com 
040 |a OPELS  |c OPELS  |d UtOrBLW 
049 |a TEFA 
050 1 4 |a VK560  |b .T37 2001eb 
082 0 4 |a 623.8/504  |2 22 
100 1 |a Tetley, L.  |q (Laurence),  |d 1941- 
245 1 0 |a Electronic navigation systems /  |c Laurie Tetley and David Calcutt. 
250 |a 3rd ed. 
264 1 |a Oxford ;  |a Boston :  |b Butterworth-Heinemann,  |c 2001. 
300 |a x, 423 pages :  |b illustrations ;  |c 26 cm. 
336 |a text  |b txt  |2 rdacontent 
337 |a computer  |b c  |2 rdamedia 
338 |a online resource  |b cr  |2 rdacarrier 
533 |a Electronic reproduction.  |b Amsterdam :  |c Elsevier Science & Technology,  |d 2007.  |n Mode of access: World Wide Web.  |n System requirements: Web browser.  |n Title from title screen (viewed on Aug. 2, 2007).  |n Access may be restricted to users at subscribing institutions. 
520 |a Maritime navigation has rapidly developed since the publication of the last edition of the title with methods of global position fixing for shipping becoming standardized. As in the previous two editions, this edition will provide a sound basis for the understanding of modern navigation systems and brings the student or professional up-to-date with the latest developments in technology and the growing standardization of maritime navigation techniques. Developed with close scrutiny from the US Merchant Marine Academy and the major maritime navigation centres in the UK, out-dated techniques have been replaced by an expanded section on the now standard Navstar GPS systems and the Integrated Nav. In addition, a new chapter on the application of electronic charts will also be included, as well as problems at the end of each chapter with worked solutions. Thoroughly revised and up-dated to conform to stricter training requirements mandated by the STCW-95 amendments. Expanded section on Navstar GPS systems, the now standard global position fixing technique. Up-dated and expanded section on integrated navigation. 
505 0 |a Radio wave propagation and the frequency spectrum -- Depth sounding systems -- Speed measurement -- Loran-C -- Satellite navigation and the GPS -- Integrated bridge systems -- Electronic charts -- The ship's master compass -- Automatic steering -- VHF direction finding -- GMDSS -- Computer functions -- Digital terms -- Dare communications -- NMEA protocol -- USCG Navcen. 
500 |a Revised edition of: Electronic aids to navigation. 1991. 
500 |a Includes index. 
500 |a Electronic resource. 
650 0 |a Electronics in navigation. 
650 1 7 |a Navigatie.  |2 gtt 
650 1 7 |a Scheepvaart.  |2 gtt 
650 1 7 |a Elektronische positiebepaling.  |2 gtt 
655 7 |a Electronic books.  |2 local 
700 1 |a Calcutt, D. M.,  |d 1935- 
700 1 |a Tetley, L.  |q (Laurence),  |d 1941-  |t Electronic aids to navigation. 
730 0 |a Referex. 
776 1 |c Original  |z 0750651385  |z 9780750651387  |w (DLC) 00068872  |w (OCoLC)45583485 
856 4 0 |u http://proxy.library.tamu.edu/login?url=https://www.sciencedirect.com/science/book/9780750651387  |z Connect to the full text of this electronic book  |t 0 
856 4 2 |3 Publisher description  |u http://www.loc.gov/catdir/description/els031/00068872.html  |t 0 
856 4 2 |3 Table of contents  |u http://www.loc.gov/catdir/toc/els031/00068872.html  |t 0 
994 |a C0  |b TEF 
999 |a MARS 
999 f f |s d0721621-6b84-3fff-8002-073060a6fd5d  |i 353e5349-b54e-3329-b399-a08cc58c99ea  |t 0 
952 f f |a Texas A&M University  |b College Station  |c Electronic Resources  |s www_evans  |d Available Online  |t 0  |e VK560 .T37 2001eb  |h Library of Congress classification 
998 f f |a VK560 .T37 2001eb  |t 0  |l Available Online